Drawing from the modern 1880 -1945 / (Record no. 922)

MARC details
000 -LEADER
campo de control de longitud fija 01405nam a22002657a 4500
008 - DATOS DE LONGITUD FIJA--INFORMACIÓN GENERAL
campo de control de longitud fija 160528s2004 xxu||||| |||| 00| 0 eng d
020 ## - NÚMERO INTERNACIONAL ESTÁNDAR DEL LIBRO
Número Internacional Estándar del Libro 0870706632
082 04 - NÚMERO DE LA CLASIFICACIÓN DECIMAL DEWEY
Número de clasificación 741.924
Número de ítem M986d
100 ## - ENTRADA PRINCIPAL--NOMBRE DE PERSONA
Nombre de persona Hauptman, Jodi.
Término indicativo de función/relación curador.
9 (RLIN) 5049
110 2# - ENTRADA PRINCIPAL--NOMBRE DE ENTIDAD CORPORATIVA
Nombre de entidad corporativa o nombre de jurisdicción como elemento de entrada The Museum of Modern Art.
9 (RLIN) 5050
245 10 - MENCIÓN DEL TÍTULO
Título Drawing from the modern 1880 -1945 /
Mención de responsabilidad, etc. The Museum of Modern Art ; curador Jodi Hauptman ; editado por Libby Hruska.
250 ## - MENCION DE EDICION
Mención de edición 1a ed.
260 ## - PUBLICACIÓN, DISTRIBUCIÓN, ETC.
Lugar de publicación, distribución, etc. Nueva York, Estados Unidos :
Nombre del editor, distribuidor, etc. The Museum of Modern Art,
Fecha de publicación, distribución, etc. 2015.
300 ## - DESCRIPCIÓN FÍSICA
Extensión 220p.
Otras características físicas il. col.
500 ## - NOTA GENERAL
Nota general Publicado para la exhibición "Drawing from the modern 1880 - 1945", expuesta en The Museum of Modern Art (MoMa) durante el período de noviembre del 2014 a marzo del 2015, organizado por el curador Jodi Hauptman. Esta es la primera publicación de tres volúmenes sobre las exhibiciones durante 125 años de la colección del MoMa.
505 ## - NOTA DE CONTENIDO CON FORMATO
Título Foreword
Mención de responsabilidad Glenn D. Lowry.
Título Acknowledgments
-- Preface
Mención de responsabilidad Gary Garrels.
Título Drawing from the modern; imagination without strings
Mención de responsabilidad Jodi Hauptman.
Título Plates.
-- Checklist.
-- Select bibliography.
-- Trustees of The Museum of Modern Art.
610 10 - PUNTO DE ACCESO ADICIONAL DE MATERIA--NOMBRE DE ENTIDAD CORPORATIVA
Nombre de entidad corporativa o nombre de jurisdicción como elemento de entrada The Museum of Modern Art
9 (RLIN) 5051
653 10 - TÉRMINO DE INDIZACIÓN--NO CONTROLADO
Término no controlado Arte moderno
653 10 - TÉRMINO DE INDIZACIÓN--NO CONTROLADO
Término no controlado Dibujo moderno
653 10 - TÉRMINO DE INDIZACIÓN--NO CONTROLADO
Término no controlado Exibiciones
653 10 - TÉRMINO DE INDIZACIÓN--NO CONTROLADO
Término no controlado Colecciones de dibujos
653 10 - TÉRMINO DE INDIZACIÓN--NO CONTROLADO
Término no controlado Ilustradores
700 1# - ENTRADA AGREGADA--NOMBRE PERSONAL
Nombre de persona Hauptman, Jodi.
Término indicativo de función/relación curador.
9 (RLIN) 5052
700 1# - ENTRADA AGREGADA--NOMBRE PERSONAL
Nombre de persona Hruska, Libby.
Término indicativo de función/relación ed.
9 (RLIN) 5053
Holdings
Estatus retirado Estado de pérdida Fuente del sistema de clasificación o colocación Estado de daño No para préstamo Biblioteca de origen Biblioteca actual Ubicación en estantería Fecha de adquisición Total de préstamos Signatura topográfica completa Código de barras Visto por última vez Precio de reemplazo Tipo de ítem Koha
    Clasificación Decimal Dewey     Biblioteca LadoV Biblioteca LadoV   28/05/2016   741.924 M986d 001413 28/05/2016 28/05/2016 Material 01